Online
Catalog

The economics of subsidising agriculture; : (Record no. 13004)

MARC details
000 -CABECERA
campo de control de longitud fija 00850cam a22002531 4500
001 - NÚMERO DE CONTROL
campo de control 000013378
005 - FECHA Y HORA DE LA ÚLTIMA TRANSACCIÓN
campo de control 20200929163218.0
008 - DATOS DE LONGITUD FIJA--INFORMACIÓN GENERAL
campo de control de longitud fija 720207s1962 onc b 000 0 eng
010 ## - NÚMERO DE CONTROL DE LA BIBLIOTECA DEL CONGRESO
Número de control de LC 62052804
035 ## - NÚMERO DE CONTROL DEL SISTEMA
Número de control de sistema (OCoLC)234932
040 ## - FUENTE DE LA CATALOGACIÓN
Centro catalogador/agencia de origen DO-SdBNP
Centro/agencia transcriptor ODaWU
Centro/agencia modificador OCoLC
-- NcRS
-- DLC
042 ## - CÓDIGO DE AUTENTICACIÓN
Código de autenticación premarc
050 00 - SIGNATURA TOPOGRÁFICA DE LA BIBLIOTECA DEL CONGRESO
Número de clasificación HD1927 1962
Número de documento/Ítem .M2
082 ## - NÚMERO DE LA CLASIFICACIÓN DECIMAL DEWEY
Número de clasificación 338.10942
049 ## - FONDOS LOCALES (OCLC)
Fondos de biblioteca DC
100 1# - ENTRADA PRINCIPAL--NOMBRE DE PERSONA
Nombre de persona McCrone, Gavin.
9 (RLIN) 30611
245 14 - MENCIÓN DE TÍTULO
Título The economics of subsidising agriculture; :
Resto del título a study of British policy. With a foreword by E.F. Nash.
260 ## - PUBLICACIÓN, DISTRIBUCIÓN, ETC.
Lugar de publicación, distribución, etc. [Toronto] :
Nombre del editor, distribuidor, etc. University of Toronto Press,
Fecha de publicación, distribución, etc. [1962].
300 ## - DESCRIPCIÓN FÍSICA
Extensión 189 p. ;
Dimensiones 23 cm.
490 0# - MENCIÓN DE SERIE
Mención de serie University of Glasgow social and economic studies, New series,
Designación de volumen o secuencia 1
504 ## - NOTA DE BIBLIOGRAFÍA, ETC.
Nota de bibliografía, etc. Includes bibliography.
650 #0 - PUNTO DE ACCESO ADICIONAL DE MATERIA--TÉRMINO DE MATERIA
Término de materia o nombre geográfico como elemento de entrada Agriculture and state
Subdivisión geográfica Great Britain.
9 (RLIN) 30612
910 ## - DATOS DE OPCIÓN DEL USUARIO (OCLC)
Datos de opción del usuario Catalogación por copia / LC
Holdings
Estado de retiro Estado de pérdida Restricciones de uso No para préstamo Código de colección Localización permanente Ubicación/localización actual Ubicación en estantería Fecha de adquisición Número de inventario Total de préstamos Signatura topográfica completa Código de barras Fecha visto por última vez Precio válido a partir de Tipo de ítem Koha
    Préstamo interno   Monografías: Libros y Folletos General General En catalogación 23.11.2009 LF1   338.10942 13378-10 25.06.2020 25.06.2020 Préstamo interno

Powered by Koha